| 000 | 00388nam a2200181Ia 4500 | ||
|---|---|---|---|
| 005 | 20251020182609.0 | ||
| 008 | 200515s9999 xx 000 0 und d | ||
| 082 | _aSC/621.9.02/I59-OP | ||
| 110 | _aIna | ||
| 245 | 0 | _aCarpinterÃa OP | |
| 260 | _aSan José | ||
| 260 | _c1985 | ||
| 300 | _as. n. | ||
| 650 | _aCARPINTERIA | ||
| 650 | _aHERRAMIENTAS | ||
| 650 | _aLIB | ||
| 942 | _cLIB | ||
| 999 |
_c3296 _d3296 |
||